| 000 | 00657cab a2200229 4500 | ||
|---|---|---|---|
| 001 | WB2811-12 | ||
| 008 | 090401t1992 xxu||||| |||| 00| 0 eng d | ||
| 035 | _a(Sirsi) u55641 | ||
| 041 | _aeng | ||
| 245 | _aScottish ESAs | ||
| 260 | _c1992 | ||
| 350 | _a0 | ||
| 490 |
_aScottish Office Information Directorate _v(395) 6 March 1992 (2) |
||
| 520 | _a£12m is allocated to expand two Environmentally Sensitive Areas in Scotland and to designate five more. | ||
| 650 | _aARGYLL ISLANDS | ||
| 650 | _aESAS | ||
| 650 | _aSCOTLAND | ||
| 650 | _aSHETLAND ISLANDS | ||
| 690 | _aENVIRONMENTAL AND LAND CONSULTANCY | ||
| 942 | _n0 | ||
| 948 | _c04/03/1997 | ||
| 999 |
_c34010 _d34010 |
||